000 00706cam a22002531 4500
001 ne 68004678
003 DLC
005 20260227111851.0
008 710901s1967 ua abch d 00000 eng
010 _ane 68004678
025 _aPL480:UAR-9174
041 0 _aengegy
043 _af-ua---
050 0 _aR127.3
_b.K3
082 _a610/.932
100 1 0 _aKamal, Hassan.
245 1 2 _aA dictionary of Pharaonic medicine.
250 _a1st ed.
260 0 _a[Cairo]
_bNational Publication House
_c[1967]
300 _a509 p.
_billus., facsim., map, ports.
_c25 cm.
350 _a2.50
500 _aArranged alphabetically under English medical terms.
650 0 _aMedicine, Egyptian
_xDictionaries.
999 _c51117
_d51117